Представление документа в формате MARC21

Поле Инд. ПП Название Значение
Тип записи a
Библиографический уровень b
001 Контрольный номер RU/IS/BASE/372868778
005 Дата корректировки 20220131152352.2
008 Кодируемые данные 20111025
084 a Индекс другой классификации/Индекс ББК 67.407.1(2Рос); 67.404.11
100 1_ a Автор Анисимов А. П.
q Полное имя Анисимов Алексей Павлович
100 1_ a Автор Мелихов А. И.
q Полное имя Мелихов Александр Иванович
100 1_ a Автор Чикильдина А. Ю.
q Полное имя Чикильдина Анна Юрьевна
245 10 a Заглавие Конституционно-правовое регулирование права частной собственности на земельные участки граждан и их объединений
504 a Библиография Лит. - Примеч.
520 0_ a Аннотация Анализируются конституционно-правовые аспекты содержания права частной собственности на земельные участки. Вводится круг субъектов права частной собственности на земельные участки - граждане и их объединения. Из анализа практики Конституционного Суда России следует, что из понятия "граждане" не исключаются иностранцы и апатриды. Авторы приходят к выводу, что в контексте статьи 36 Конституции РФ под объектом права частной собственности следует понимать земельный участок, а не землю.
650 04 a Основная рубрика гражданское право
a Основная рубрика земельное право
a Основная рубрика право
a Основная рубрика право собственности
653 0_ a Ключевые слова государственное управление
a Ключевые слова земельные участки
a Ключевые слова иностранные граждане
a Ключевые слова исполнительная власть
a Ключевые слова конституционное право (государственное право)
a Ключевые слова Конституция РФ
a Ключевые слова лица без гражданства (апатриды)
a Ключевые слова лица, имеющие несколько гражданств (бипатриды)
a Ключевые слова объединения граждан
a Ключевые слова ограничения права собственности
a Ключевые слова частная собственность
a Ключевые слова эффективность управления
a Ключевые слова юридическое лицо
773 18 t Заглавие источника Вопросы государственного и муниципального управления
d Дата издания источника 2009
g Прочая информация № 3. - С. 114 - 123
w Контрольный № источника RU/IS/BASE/309528796
901 t Тип документа b